The Editor in Chief (Record no. 3882)

MARC details
000 -LEADER
fixed length control field 00416nam a22001697a 4500
005 - DATE AND TIME OF LATEST TRANSACTION
control field 20160624164109.0
008 - FIXED-LENGTH DATA ELEMENTS--GENERAL INFORMATION
fixed length control field 160624b xxu||||| |||| 00| 0 eng d
020 ## - INTERNATIONAL STANDARD BOOK NUMBER
ISBN 81-229-0190-5
041 ## - LANGUAGE CODE
Language code of text/sound track or separate title eng
082 ## - DEWEY DECIMAL CLASSIFICATION NUMBER
Item number 9879
100 ## - MAIN ENTRY--AUTHOR NAME
Personal name 2 Patterson, Benton Rain and Coleman E.P.
245 ## - TITLE STATEMENT
Title The Editor in Chief
260 ## - PUBLICATION, DISTRIBUTION, ETC. (IMPRINT)
Name of publisher Surjeet
Year of publication 2005
300 ## - PHYSICAL DESCRIPTION
Number of Pages 193
650 ## - SUBJECT ADDED ENTRY--TOPICAL TERM
Topical Term Mass Communication
942 ## - ADDED ENTRY ELEMENTS (KOHA)
Koha item type Books
Holdings
Lost status Damaged status Home library Current library Shelving location Date acquired Cost, normal purchase price Full call number Accession Number Koha item type
    JRU Library   SHELF-31-G 24/06/2016 225.00 9879 9879 Books
    JRU Library   SHELF-31-G 24/06/2016 225.00 9879 9880 Books
    JRU Library   SHELF-32-G 24/06/2016 225.00 9879 9881 Books